Tóm tắt niên biểu lịch sử Việt Nam /
Cuốn sách ghi chép toàn bộ hệ thống lịch sử Việt Nam từ thời Hồng Bàng đến Cộng hòa xã hội chủ nghĩa Việt Nam ngày nay một cách ngắn gọn, dễ hiểu, dễ tra cứu.
Gardado en:
| Autor Principal: | |
|---|---|
| Outros autores: | |
| Formato: | Libro |
| Idioma: | Vietnamese |
| Publicado: |
Hà Nội :
Văn hoá thông tin,
2000.
|
| Những chủ đề: | |
| Các nhãn: |
Engadir etiqueta
Sen Etiquetas, Sexa o primeiro en etiquetar este rexistro!
|
| Thư viện lưu trữ: | Mạng thư viện Đại học Đà Nẵng |
|---|
| LEADER | 01115cam a2200349 i 4500 | ||
|---|---|---|---|
| 001 | 000044364 | ||
| 003 | 2734 | ||
| 005 | 20030917090553.0 | ||
| 008 | 010314b2000 vm 000 vie | ||
| 020 | |c 38000 | ||
| 040 | |a IRC |c IRC |d IRC | ||
| 041 | 0 | |a vie | |
| 082 | 1 | 4 | |a 959.7 |b HA-T |
| 100 | 1 | |a Hà Văn Thư. | |
| 245 | 0 | 0 | |a Tóm tắt niên biểu lịch sử Việt Nam / |c Hà Văn Thư, Trần Hồng Đức. |
| 260 | |a Hà Nội : |b Văn hoá thông tin, |c 2000. | ||
| 300 | |a 376tr. ; |c 19cm. | ||
| 520 | 3 | |a Cuốn sách ghi chép toàn bộ hệ thống lịch sử Việt Nam từ thời Hồng Bàng đến Cộng hòa xã hội chủ nghĩa Việt Nam ngày nay một cách ngắn gọn, dễ hiểu, dễ tra cứu. | |
| 630 | 0 | 4 | |a Lịch sử. |
| 630 | 0 | 4 | |a Lịch sử Việt Nam. |
| 650 | 0 | 4 | |a Việt Nam |b Lịch sử. |
| 700 | 1 | |a Trần Hồng Đức. | |
| OWN | |a DUT | ||
| 999 | |a From the UDN01 | ||
| TYP | |a Monograph | ||
| TYP | |a Printed language | ||
| 980 | |a Mạng thư viện Đại học Đà Nẵng | ||